Juventud y educación hoy en Chile
Salvato in:
| Autore principale: | |
|---|---|
| Altri autori: | |
| Natura: | Libro |
| Lingua: | spagnolo |
| Pubblicazione: |
Santiago
CPU
1992
|
| Soggetti: | |
| Tags: |
Aggiungi Tag
Nessun Tag, puoi essere il primo ad aggiungerne!!
|
MARC
| LEADER | 00000nam a2200000 a 4500 | ||
|---|---|---|---|
| 001 | UCO0051 | ||
| 003 | CL-VaPUC | ||
| 008 | 000407e19920000CL |||||||||||||||||spa|d | ||
| 082 | 0 | 4 | |a 370.78 |b RIT |2 21 |
| 100 | 0 | |a Rittershaussen Klauning, Sylvia |e author |9 441015 | |
| 700 | |a Mena, Isidora |e autora |q Mena Edwards, María Isidora |9 620397 | ||
| 245 | 1 | 0 | |a Juventud y educación hoy en Chile |
| 300 | |a 71 p | ||
| 942 | |c BK | ||
| 945 | |d 20000407 00:00:00 |a rbrito | ||
| 260 | |a Santiago |b CPU |c 1992 | ||
| 650 | 0 | |a Investigación educacional |9 261192 | |
| 650 | 0 | |a Educación superior |9 223851 | |
| 583 | |a last modification |c 20000407 00:00:00 |k Rodrigo Vera | ||
| 999 | |c 286774 |d 286772 | ||
| 952 | |0 0 |1 0 |4 0 |6 370_780000000000000_RIT_1992 |7 0 |8 A |9 332896 |a BIBEDU |b BIBEDU |d 2019-11-20 |i 3611566 |o 370.78 RIT 1992 |p 3611566 |r 2019-11-20 |w 2019-11-20 |y BK |k BME | ||